000 00305nam a22001217a 4500
020 _a9781439854235
082 _a664
_bZHA/SP
245 _aSpecialty Foods :Processing Technology, Quality, and Safety
260 _aBoca Raton
_bCRC Press
_c2012
300 _a344
700 _aZhao,Yanyun
_9949
942 _cBK
999 _c14546
_d14546